000 00695nam a2200205Ia 4500
008 241004s9999 xx 000 0 und d
020 _a9781350191402
037 _aTextbook
040 _aARTS
_beng
_cARTS
041 _aeng
_2eng
084 _aR841 R2
_qARTS
100 _aMkoeller Hans-Georg Ed.; Whitehead Andrew K. Ed.
_9724636
245 _aCritique, subversion, and chinese philosophy: sociopolitical, conceptual, and methodological challenges
_cMkoeller Hans-Georg Ed.; Whitehead Andrew K. Ed.
260 _aUK
_b Bloomsbury Academic
_c2021
300 _a202p.
365 _aUKP
_b28.99
650 _aPhilosophy
942 _cTB
_hR841 R2
999 _c1218783
_d1218783